Science Quiz

Random Science Quiz

The Human Circulatory System 6A Quiz Stats

 Plays Quiz not verified by Sporcle

Also try: European Mammals
Challenge
Share
Tweet
Score 0/10 Timer 10:00
0 Plays Today
% Correct
Vena Cava
85.1%
Lungs
78.7%
Kidneys
70.2%
Red Blood Cells
70.2%
White Blood Cells
68.1%
Small Intestine
63.8%
Pulmonary Vein
59.6%
Pulmonary Artery
59.6%
Aorta Artery
57.4%
Platelets
57.4%

You're not logged in!

Compare scores with friends on all Sporcle quizzes.
Join for Free
OR
Log In

You Might Also Like...

Show Comments

Extras

Top Quizzes Today


Score Distribution

Your Account Isn't Verified!

In order to create a playlist on Sporcle, you need to verify the email address you used during registration. Go to your Sporcle Settings to finish the process.

Report this User

Report this user for behavior that violates our Community Guidelines.

Details: